| 000 | 00696nam a2200205Ia 4500 | ||
|---|---|---|---|
| 001 | 5357 | ||
| 003 | GE_BSU | ||
| 008 | 181216s||||||||xx |||||||||||||| ||und|| | ||
| 040 | _cGE_BSU | ||
| 080 | _a517.982+517.982.4 | ||
| 100 | _aГельфанд И.М., Шилов Г.Е | ||
| 245 | _aПространства основных и обобщенных функций. | ||
| 245 | _cРед. M.C. Агранович и Л.А. Стебакова. | ||
| 260 | _aМосква | ||
| 260 | _bГосиздат физ.-мат. лит-ры | ||
| 260 | _c1958 | ||
| 300 | _a304 с. 20 см. | ||
| 653 | _aПространства основных и обобщенных функций. | ||
| 942 | _cBK | ||
| 999 |
_c38934 _d38934 |
||